<?xml version="1.0" encoding="UTF-8"?><?xml-stylesheet type="text/xsl" href="static/style.xsl"?><OAI-PMH xmlns="http://www.openarchives.org/OAI/2.0/" xmlns:xsi="http://www.w3.org/2001/XMLSchema-instance" xsi:schemaLocation="http://www.openarchives.org/OAI/2.0/ http://www.openarchives.org/OAI/2.0/OAI-PMH.xsd"><responseDate>2026-04-17T15:01:43Z</responseDate><request verb="GetRecord" identifier="oai:www.recercat.cat:10256/12590" metadataPrefix="marc">https://recercat.cat/oai/request</request><GetRecord><record><header><identifier>oai:recercat.cat:10256/12590</identifier><datestamp>2024-06-18T11:52:39Z</datestamp><setSpec>com_2072_452955</setSpec><setSpec>com_2072_2054</setSpec><setSpec>col_2072_453077</setSpec></header><metadata><record xmlns="http://www.loc.gov/MARC21/slim" xmlns:dcterms="http://purl.org/dc/terms/" xmlns:xsi="http://www.w3.org/2001/XMLSchema-instance" xmlns:doc="http://www.lyncode.com/xoai" xsi:schemaLocation="http://www.loc.gov/MARC21/slim http://www.loc.gov/standards/marcxml/schema/MARC21slim.xsd">
   <leader>00925njm 22002777a 4500</leader>
   <datafield ind2=" " ind1=" " tag="042">
      <subfield code="a">dc</subfield>
   </datafield>
   <datafield ind2=" " ind1=" " tag="720">
      <subfield code="a">Kuzmanović, Maja</subfield>
      <subfield code="e">author</subfield>
   </datafield>
   <datafield ind2=" " ind1=" " tag="720">
      <subfield code="a">Ginebreda, Antoni</subfield>
      <subfield code="e">author</subfield>
   </datafield>
   <datafield ind2=" " ind1=" " tag="720">
      <subfield code="a">Petrović, Mira</subfield>
      <subfield code="e">author</subfield>
   </datafield>
   <datafield ind2=" " ind1=" " tag="720">
      <subfield code="a">Barceló i Cullerés, Damià</subfield>
      <subfield code="e">author</subfield>
   </datafield>
   <datafield ind2=" " ind1=" " tag="260">
      <subfield code="c">info:eu-repo/date/embargoEnd/2026-01-01</subfield>
   </datafield>
   <datafield ind2=" " ind1=" " tag="260">
      <subfield code="c">info:eu-repo/date/embargoEnd/2026-01-01</subfield>
   </datafield>
   <datafield ind2=" " ind1=" " tag="260">
      <subfield code="c">2015-01-15</subfield>
   </datafield>
   <datafield ind2=" " ind1=" " tag="520">
      <subfield code="a">The use of chemicals is continuously growing both in total amount as well as in a number of different substances, among which organic chemicals play a major role. Owing to the growing public awareness on the need of protecting both ecosystems and human health from the risks related to chemical pollution, an increasing attention has been drowned to risk assessment and prioritization of organic pollutants. In this context, the aims of this study were (a) to perform an environmental risk assessment for 200 organic micropollutants including both regulated and emerging contaminants (pesticides, alkylphenols, pharmaceuticals, hormones, personal care products, perflourinated compounds and various industrial organic chemicals) monitored in four rivers located in the Mediterranean side of the Iberian Peninsula, namely, the Ebro, Llobregat, Júcar and Guadalquivir rivers; and (b) to prioritize them for each of the four river basins studied, taking into account their observed concentration levels together with their ecotoxicological potential. For this purpose, a prioritization approach has been developed and a resulting ranking index (RI) associated with each compound. Ranking index is based on the measured concentrations of the chemical in each river and its ecotoxicological potential (EC50 values for algae, Daphnia sp. and fish). Ten compounds were identified as most important for the studied rivers: pesticides chlorpyriphos, chlorfenvinphos, diazinon, dichlofenthion, prochloraz, ethion carbofuran and diuron and the industrial organic chemicals nonylphenol and octylphenol that result from the biodegration of polyethoxylated alkyphenol surfactants. Also, further research into chronic toxicity of emerging contaminants is advocated</subfield>
   </datafield>
   <datafield ind2=" " ind1=" " tag="520">
      <subfield code="a">Thisworkwas funded by the SpanishMinistry of Economy and Competitiveness project Consolider-Ingenio 2010 SCARCE CSD2009-00065 and by the Generalitat de Catalunya (Consolidated Research Groups “2014 SGR 418–Water and Soil Quality Unit” and 2014 SGR 291–ICRA)</subfield>
   </datafield>
   <datafield ind1="8" ind2=" " tag="024">
      <subfield code="a">http://hdl.handle.net/10256/12590</subfield>
   </datafield>
   <datafield tag="653" ind2=" " ind1=" ">
      <subfield code="a">Medi ambient -- Anàlisi d'impacte</subfield>
   </datafield>
   <datafield tag="653" ind2=" " ind1=" ">
      <subfield code="a">Environmental impact analysis</subfield>
   </datafield>
   <datafield tag="653" ind2=" " ind1=" ">
      <subfield code="a">Contaminants emergents en l'aigua</subfield>
   </datafield>
   <datafield tag="653" ind2=" " ind1=" ">
      <subfield code="a">Emerging contaminants in water</subfield>
   </datafield>
   <datafield tag="653" ind2=" " ind1=" ">
      <subfield code="a">Aigua -- Contaminació</subfield>
   </datafield>
   <datafield tag="653" ind2=" " ind1=" ">
      <subfield code="a">Water -- Pollution</subfield>
   </datafield>
   <datafield tag="653" ind2=" " ind1=" ">
      <subfield code="a">Compostos orgànics -- Aspectes ambientals</subfield>
   </datafield>
   <datafield tag="653" ind2=" " ind1=" ">
      <subfield code="a">Organic compounds -- Environmental aspects</subfield>
   </datafield>
   <datafield ind2="0" ind1="0" tag="245">
      <subfield code="a">Risk assessment based prioritization of 200 organic micropollutants in 4 Iberian rivers</subfield>
   </datafield>
</record></metadata></record></GetRecord></OAI-PMH>